Proyectos conjuntos y empresas conjuntas en la integración económica de América Latina (Registro nro. 7854)

Detalles MARC
000 -LEADER
fixed length control field 00914 a2200241 4500
001 - CONTROL NUMBER
control field 62859
005 - DATE AND TIME OF LATEST TRANSACTION
control field 20260407155922.0
008 - FIXED-LENGTH DATA ELEMENTS--GENERAL INFORMATION
fixed length control field 260407a1974 arg spa d
003 - CONTROL NUMBER IDENTIFIER
control field AR-UNSa-BCEJYS
040 ## - CATALOGING SOURCE
Original cataloging agency AR-UNSa-BCEJYS
Language of cataloging spa
Transcribing agency AR-UNSa-BCEJYS
080 ## - UNIVERSAL DECIMAL CLASSIFICATION NUMBER
Universal Decimal Classification number 339.5
Common auxiliary subdivision Comercio exterior. Comercio Internacional
041 ## - LANGUAGE CODE
Language code of text/sound track or separate title spa
100 1# - MAIN ENTRY--PERSONAL NAME
Personal name Banco Interamericano de Desarrollo. Instituto para la Integración de América Latina (BID-INTAL)
245 10 - TITLE STATEMENT
Title Proyectos conjuntos y empresas conjuntas en la integración económica de América Latina
264 #1 - PRODUCTION, PUBLICATION, DISTRIBUTION, MANUFACTURE, AND COPYRIGHT NOTICE
Place of production, publication, distribution, manufacture Buenos Aires :
Name of producer, publisher, distributor, manufacturer BID/INTAL (Banco Interamericano de Desarrollo. Instituto para la integración de América Latina)
Date of production, publication, distribution, manufacture, or copyright notice 1974
300 ## - PHYSICAL DESCRIPTION
Extent 258 p.
Dimensions 27 cm.
590 ## - LOCAL NOTE (RLIN)
Local note niveau_biblio:m niveau_hierar:0
700 1# - ADDED ENTRY--PERSONAL NAME
Personal name Peña, Félix
700 1# - ADDED ENTRY--PERSONAL NAME
Personal name Casanova, Manuel
700 1# - ADDED ENTRY--PERSONAL NAME
Personal name Czar de Zalduendo, Susana
700 1# - ADDED ENTRY--PERSONAL NAME
Personal name Mascarenhas, Patricia
942 ## - ADDED ENTRY ELEMENTS (KOHA)
Koha item type
Existencias
Withdrawn status Lost status Damaged status Not for loan Home library Current library Shelving location Date acquired Total checkouts Full call number Barcode Date last seen Price effective from Koha item type
        Biblioteca Prof. Eusebio Cleto del Rey Biblioteca Prof. Eusebio Cleto del Rey   07/04/2026   339.5 B213p L44050 07/04/2026 07/04/2026 Libro